Kluby Premier League w sezonie 25/26 - Statystyki

Ogólne statystyki
  • Ten quiz został rozwiązany 635 razy
    95 od ostatniego zresetowania
  • Średni wynik to 16 z 20
Statystyki odpowiedzi
Klub % Poprawnych
Manchester City
99%
Liverpool
97%
Manchester United
97%
Arsenal
96%
Chelsea
96%
Tottenham
94%
West Ham
90%
Aston Villa
88%
Leeds
84%
Brighton
82%
Sunderland
82%
Wolverhampton
81%
Newcastle
78%
Burnley
72%
Brentford
70%
Everton
70%
Crystal Palace
69%
Fulham
69%
Nottingham Forest
66%
Bournemouth
63%
Nie znaleziono quizów pasujących do podanych kryteriów
Rozkład punktacji
Procent ludzi z każdym wynikiem
Percentyl według liczby udzielonych odpowiedzi
Twoja historia wyników
Nie rozwiązałeś tego quizu od ostatniego zresetowania